书目信息 |
| 题名: |
2012年注册会计师考试应试指导及全真模拟测试
|
|
| 作者: | 张志凤 编著 | |
| 分册: | 会计 | |
| 出版信息: | 北京 北京大学出版社 2012 |
|
| 页数: | 561页 | |
| 开本: | 26cm | |
| 丛书名: | ||
| 单 册: | ||
| 中图分类: | F23 , F230 | |
| 科图分类: | ||
| 主题词: | 注册会计师--考核--自学参考资料 , 会计学--考核--自学参考资料 , 注册会计师 , 会计学 | |
| 电子资源: | ||
| ISBN: | 978-7-301-20313-2 | |
| 000 | 01088nam0 2200301 450 | |
| 001 | 523 | |
| 005 | 20140908163452.23 | |
| 010 | @a978-7-301-20313-2@dCNY52.00 | |
| 100 | @a20120615d2012 em y0chiy50 ea | |
| 101 | 0 | @achi |
| 102 | @aCN@b110000 | |
| 105 | @ay z 000yy | |
| 106 | @ar | |
| 200 | 1 | @a2012年注册会计师考试应试指导及全真模拟测试@A2012 Nian Zhu Ce Hui Ji Shi Kao Shi Ying Shi Zhi Dao Ji Quan Zhen Mo Ni Ce Shi@i会计@IHui Ji@f张志凤编著@FZhang Zhi Feng Bian Zhu |
| 210 | @a北京@c北京大学出版社@d2012 | |
| 215 | @a561页@d26cm | |
| 300 | @a注册会计师全国统一考试辅导用书 2012年注册会计师考试轻松过关系列之一 | |
| 304 | @a东奥会计在线组编 | |
| 330 | @a本书分为四部分,包括:命题规律总结及趋势预测、同步辅导及强化训练、跨章节综合题演练、全真模拟试题及参考答案。 | |
| 606 | 0 | @a注册会计师@x考核@j自学参考资料 |
| 606 | 0 | @a会计学@x考核@j自学参考资料 |
| 606 | 0 | @a注册会计师 |
| 606 | 0 | @a会计学 |
| 690 | @aF23@v5 | |
| 690 | @aF230@v5 | |
| 701 | 0 | @a张志凤@AZhang Zhi Feng@f(1962.8~)@4编著 |
| 801 | 0 | @aCN@bTANGWEI@c20140603 |
| 905 | @b0838768-70@dF23@e425@f3 | |
| 2012年注册会计师考试应试指导及全真模拟测试.会计/张志凤编著.-北京:北京大学出版社,2012 |
| 561页;26cm |
| 注册会计师全国统一考试辅导用书 2012年注册会计师考试轻松过关系列之一 |
| ISBN 978-7-301-20313-2:CNY52.00 |
| 本书分为四部分,包括:命题规律总结及趋势预测、同步辅导及强化训练、跨章节综合题演练、全真模拟试题及参考答案。 |
| ● |
| 相关链接 |
|
|
|
|
正题名:2012年注册会计师考试应试指导及全真模拟测试
索取号:F23/425
 
预约/预借
| 序号 | 登录号 | 条形码 | 馆藏地/架位号 | 状态 | 备注 |
| 1 | 0838768 | 208387681 | 第一样本阅览室/ [索取号:F23/425] | 在馆 | |
| 2 | 0838769 | 208387690 | 经管系资料室/ [索取号:F23/425] | 在馆 | |
| 3 | 0838770 | 208387707 | 第一借阅区/ [索取号:F23/425] | 在馆 |